|
|
|
|
| LEADER |
00000nam0a2200000 4500 |
| 001 |
168006 |
| 005 |
20231031162951.0 |
| 035 |
|
|
|a (RuTPU)RU\TPU\book\182279
|
| 090 |
|
|
|a 168006
|
| 100 |
|
|
|a 20091022d1930 k y0rusy50 ca
|
| 101 |
1 |
|
|a rus
|c ger
|
| 102 |
|
|
|a RU
|
| 105 |
|
|
|a y z 001zy
|
| 200 |
1 |
|
|a Волны материи и квантовая механика
|e пер. с нем.
|f А. Гааз
|
| 210 |
|
|
|a Москва
|c Государственное изд-во
|d 1930
|
| 215 |
|
|
|a 192 с.
|
| 225 |
1 |
|
|a Новейшие течения научной мысли
|
| 320 |
|
|
|a Указ. имен: с. 186-187.
|
| 320 |
|
|
|a Алфавитный указатель: с. 188-192.
|
| 610 |
1 |
|
|a квантовая механика
|
| 610 |
1 |
|
|a волны
|
| 610 |
1 |
|
|a материя
|
| 610 |
1 |
|
|a колебательные процессы
|
| 610 |
1 |
|
|a частицы
|
| 610 |
1 |
|
|a атомная механика
|
| 610 |
1 |
|
|a принцип Ферма
|
| 675 |
|
|
|a 530.145.6
|v 3
|
| 700 |
|
1 |
|a Гааз
|b А.
|g Артур
|
| 801 |
|
1 |
|a RU
|b 63413507
|c 20091022
|
| 801 |
|
2 |
|a RU
|b 63413507
|c 20100428
|g RCR
|
| 942 |
|
|
|c BK
|